| 000 | 02071cam a22004454i 4500 | ||
|---|---|---|---|
| 003 | PE-LiUPU | ||
| 005 | 20250731173041.0 | ||
| 008 | 171220s2011 xxu0 r0 000 0 spa d | ||
| 020 | _a9780801048425 | ||
| 035 | _a(Sirsi) a240618 | ||
| 040 |
_aPE-LiUPU _bspa _cPE-LiUPU _erda |
||
| 049 | _aPRUA | ||
| 082 | 0 | 4 |
_a225.066 _bE96 _223 |
| 100 | 1 |
_aEvans, Craig A., _eautor. |
|
| 245 | 1 | 0 |
_aAncient texts for New Testament studies : _ba guide to the background literature / _cCraig A. Evans. |
| 264 | 1 |
_aGrand Rapids : _bBaker Academic; _c2011. |
|
| 300 |
_aXXXVI, 539 páginas ; _c23 centímetros |
||
| 336 |
_atext _2rdacontent |
||
| 337 |
_aunmediated _2rdamedia |
||
| 338 |
_avolume _2rdacarrier |
||
| 505 | 0 | _aThe Old Testament Apocrypha -- The Old Testament Pseudepigrapha -- The Dead Sea scrolls -- Versions of the Old Testament -- Philo and Josephus -- The Targums -- Rabbinic literature -- The New Testament Apocrypha and Pseudepigrapha -- Early church fathers -- Gnostic writings -- Other writings -- Examples of New Testament exegesis -- Appendixes. Canons of Scripture that include the Apocrypha -- Quotations, allusions, and parallels to the New Testament -- Parallels between New Testament Gospels and pseudepigraphal gospels -- Jesus' parables and the parables of the rabbis -- Jesus and Jewish miracle stories -- Messianic claimants of the first and second centuries. | |
| 526 | _aSEG42 | ||
| 526 | _aSEG41 | ||
| 526 | _aSEG40 | ||
| 526 | _aSEG39 | ||
| 526 | _aP94 | ||
| 526 | _aP87 | ||
| 526 | _aP86 | ||
| 526 | _aP85 | ||
| 526 | _aP77 | ||
| 526 | _aP76 | ||
| 526 | _aP35 | ||
| 630 | 0 | 4 |
_aBiblia. _pN.T. _xEstudio y enseñanza. |
| 650 | 1 | 4 |
_aLiteratura Antigua _xHistoria y crítica. |
| 910 |
_adbm _bksl _cksl _d20171220 |
||
| 596 | _a1 | ||
| 942 |
_2ddc _cBOOK |
||
| 999 |
_a225.066 E96 _wLC _c26296 _i77712 _d26296 _f2021-11-9 _g4 _lCCODEBUL1 _mBUL _p24.50 _q1 _r0 _sY _tBOOK _u2017-12-20 _xTEOLOGIA _PP85 _0DONACION _o.STAFF. Colección Teología |
||
| 980 |
_81 _gALBERTO SANCHEZ Responsable de Automatización |
||